Statistics for Biggest Cities in Illinois on a Map

Click here to take the quiz!

General Stats

  • This quiz has been taken 156 times
  • The average score is 12 of 20

Answers on the Map

Answers color-coded by a green-red scale on the quiz's map according to % correct below.
 

Answer Stats

PopulationCity% Correct
2,705,994Chicago
100%
114,694Springfield
93%
111,388Peoria
75%
199,602Aurora
72%
146,526Rockford
72%
148,099Joliet
70%
148,304Naperville
65%
88,029Champaign
64%
111,683Elgin
58%
74,106Evanston
56%
86,792Waukegan
55%
77,962Bloomington
53%
73,509Schaumburg
53%
81,597Cicero
47%
71,290Decatur
47%
63,280Skokie
45%
75,249Arlington Heights
41%
75,178Bolingbrook
35%
68,053Palatine
32%
58,959Des Plaines
31%

Score Distribution

Percentile by Number Answered

Percent of People with Each Score

Your Score History

You have not taken this quiz